Video Game Characters by Sidekicks - Statistics

General Stats
  • This quiz has been taken 1,198 times
  • The average score is 11 of 25
Answer Stats
Hint Answer % Correct
Luigi, Peach Mario
99%
Tails, Knuckles Sonic
90%
Diddy Kong, Dixie Kong Donkey Kong
89%
Zelda, Navi Link
89%
Pikachu, Professor Oak Red
87%
Catwoman, Robin Batman
86%
Clank Ratchet
80%
Kazooie Banjo
74%
Cortana, Keyes Master Chief
59%
Daxter, Keira Jak
51%
Athena, Pandora Kratos
46%
Goofy, Donald... (Not Mickey) Sora
44%
Coco, Aku Aku Crash Bandicoot
42%
Elana Fisher, Sully Nathan Drake
33%
Slippy, Peppy Fox Mccloud
26%
Soap, Ghost Captain Price
25%
Bentely, Murray Sly Cooper
22%
Tali, Wrex Commander Shepard
20%
Roman, Michelle Niko Bellic
20%
Cole Train, Marcus Dom
18%
Zeke, Nix Cole Mcgrath
10%
Madison Paige Ethan Mars
7%
Alyx Vance, D0g Marcus Fenix
6%
Trix, Hunter Spyro
6%
Wheatley Alice
3%
No matching quizzes found
Score Distribution
Percent of People with Each Score
Percentile by Number Answered
Your Score History
You have not taken this quiz